| 000 | 00457nam a2200157 i 4500 | ||
|---|---|---|---|
| 001 | 58322 | ||
| 003 | ES-MaACL | ||
| 005 | 20230906163759.0 | ||
| 007 | t| | ||
| 008 | 031021s1909 sp ||||1| spa d | ||
| 100 | 1 |
_aDurán Sanz, Ignacio. _946236 |
|
| 245 | 1 | 0 |
_aPseudoartrosis y su tratamiento / _cIgnacio Durán Sanz. |
| 260 |
_aGranada : _b[s.n., _c1909] ( _fTip. Lit. Paulino V. Travesset) |
||
| 502 | _aTesis doctoral. | ||
| 852 |
_aES-MaACL _jT-1225-F-12 |
||
| 999 |
_c58322 _d58322 |
||